<?xml version="1.0" encoding="UTF-8"?>
<marc:record xmlns:marc="http://www.loc.gov/MARC21/slim">
   <marc:leader>00000nam a2200000 a 4500</marc:leader>
   <marc:datafield ind1="1" ind2=" " tag="100">
      <marc:subfield code="a">Bernasconi, Tobias</marc:subfield>
      <marc:subfield code="4">aut</marc:subfield>
      <marc:subfield code="e">Verfasser/-in</marc:subfield>
   </marc:datafield>
   <marc:datafield ind1="1" ind2=" " tag="100">
      <marc:subfield code="a">Böing, Ursula</marc:subfield>
      <marc:subfield code="4">aut</marc:subfield>
      <marc:subfield code="e">Verfasser/-in</marc:subfield>
   </marc:datafield>
   <marc:datafield ind1=" " ind2=" " tag="653">
      <marc:subfield code="a">150 $s Sozialwissenschaft : Mensch mit BeeinTRÄCHT</marc:subfield>
   </marc:datafield>
   <marc:datafield ind1=" " ind2=" " tag="653">
      <marc:subfield code="a">155 $f Aufsatzsammlung</marc:subfield>
   </marc:datafield>
   <marc:datafield ind1=" " ind2=" " tag="653">
      <marc:subfield code="a">150 $s Alter : 14-18 Jahre ; Jugendalter</marc:subfield>
   </marc:datafield>
   <marc:datafield ind1=" " ind2=" " tag="653">
      <marc:subfield code="a">150 $s Alter : 25-65 Jahre ; Mittleres Erwachsenen</marc:subfield>
   </marc:datafield>
   <marc:datafield ind1=" " ind2=" " tag="653">
      <marc:subfield code="a">150 $s Alter : 06-10 Jahre ; Grundschulalter</marc:subfield>
   </marc:datafield>
   <marc:datafield ind1=" " ind2=" " tag="653">
      <marc:subfield code="a">Method. Ansatz, Personenzentrierter</marc:subfield>
   </marc:datafield>
   <marc:datafield ind1=" " ind2=" " tag="653">
      <marc:subfield code="a">ICD10-F00-99 : Psychische STÖR &amp; VerhaltensSTÖR</marc:subfield>
   </marc:datafield>
   <marc:datafield ind1=" " ind2=" " tag="653">
      <marc:subfield code="a">150 $s Inklusion : Soziale &amp; gesellschaftliche TEI</marc:subfield>
   </marc:datafield>
   <marc:datafield ind1=" " ind2=" " tag="653">
      <marc:subfield code="a">150 $s Inklusion : Schulische Teilhabe</marc:subfield>
   </marc:datafield>
   <marc:datafield ind1=" " ind2=" " tag="653">
      <marc:subfield code="a">150 $s Inklusion : Berufliche Teilhabe</marc:subfield>
   </marc:datafield>
   <marc:datafield ind1=" " ind2=" " tag="653">
      <marc:subfield code="a">150 $s Barrierefreiheit, n.n.b.</marc:subfield>
   </marc:datafield>
   <marc:datafield ind1=" " ind2=" " tag="653">
      <marc:subfield code="a">150 $s Inklusion : Universitäre Teilhabe</marc:subfield>
   </marc:datafield>
   <marc:datafield ind1=" " ind2=" " tag="653">
      <marc:subfield code="a">150 $s Schwerstbehindertenpädagogik &gt; Impulsthema</marc:subfield>
   </marc:datafield>
   <marc:datafield ind1=" " ind2=" " tag="653">
      <marc:subfield code="a">150 $s Inklusion : Kulturelle Teilhabe</marc:subfield>
   </marc:datafield>
   <marc:datafield ind1=" " ind2=" " tag="653">
      <marc:subfield code="a">150 $s Benachteiligung : Soziale &amp; wirtschaftliche</marc:subfield>
   </marc:datafield>
   <marc:datafield ind1=" " ind2=" " tag="653">
      <marc:subfield code="a">150 $s Assistenz : Schulische Assistenz</marc:subfield>
   </marc:datafield>
   <marc:datafield ind1=" " ind2=" " tag="653">
      <marc:subfield code="a">ICD10-F70-79 : Geistige Behinderung</marc:subfield>
   </marc:datafield>
   <marc:datafield ind1=" " ind2=" " tag="653">
      <marc:subfield code="a">ICD10-F73 : Schwerstbehinderung</marc:subfield>
   </marc:datafield>
   <marc:datafield ind1=" " ind2=" " tag="653">
      <marc:subfield code="a">150 $s Selbstbestimmung : Sexuelle SelbstbestimmUN</marc:subfield>
   </marc:datafield>
   <marc:datafield ind1=" " ind2=" " tag="653">
      <marc:subfield code="a">150 $s Benachteiligung : Bildungsbenachteiligung</marc:subfield>
   </marc:datafield>
   <marc:datafield ind1=" " ind2=" " tag="653">
      <marc:subfield code="a">150 $s Inklusion : Bildungsteilhabe</marc:subfield>
   </marc:datafield>
   <marc:datafield ind1=" " ind2=" " tag="653">
      <marc:subfield code="a">150 $s Einschätzung : Elterneinschätzung</marc:subfield>
   </marc:datafield>
   <marc:datafield ind1="0" ind2="0" tag="245">
      <marc:subfield code="a">Schwere Behinderung &amp; Inklusion</marc:subfield>
   </marc:datafield>
   <marc:datafield ind1="0" ind2="0" tag="245">
      <marc:subfield code="b">Facetten einer nicht ausgrenzenden Pädagogik</marc:subfield>
   </marc:datafield>
   <marc:datafield ind1="0" ind2="0" tag="245">
      <marc:subfield code="c">Tobias Bernasconi ; Ursula Böing</marc:subfield>
   </marc:datafield>
   <marc:datafield ind1=" " ind2="1" tag="264">
      <marc:subfield code="a">Oberhausen</marc:subfield>
      <marc:subfield code="b">Athena-Verl.</marc:subfield>
      <marc:subfield code="c">2016</marc:subfield>
   </marc:datafield>
   <marc:datafield ind1="1" ind2=" " tag="490">
      <marc:subfield code="a">Impulse: schwere und mehrfache Behinderung</marc:subfield>
   </marc:datafield>
   <marc:datafield ind1=" " ind2=" " tag="250">
      <marc:subfield code="a">1. Auflage</marc:subfield>
   </marc:datafield>
   <marc:datafield ind1="1" ind2=" " tag="520">
      <marc:subfield code="a">Menschen mit schwerer und mehrfacher Behinderung galten - bis in die jüngste Vergangenheit - als "bildungsunfähig". Derart klassifiziert wurde ihnen sozial und anthropologisch lediglich eine Randstellung in der Gesellschaft zugewiesen. Dies implizierte einen umfassenden Ausschluss aus allen pädagogischen Handlungsfeldern. Kein anderer Personenkreis ist historisch derart umfassend von Ausgrenzung betroffen wie Menschen, die als schwer- und mehrfachbehindert bezeichnet werden. Mit der Ratifizierung der UN-BRK steht die Allgemeine Pädagogik vor der Herausforderung, die Teilhabe aller Kinder, Jugendlicher und Erwachsener - und damit auch der Personen, die als schwer- und mehrfachbehindert gelten - am Bildungssystem zu sichern, Marginalisierung zu vermeiden und Barrieren abzubauen. Mit Inklusion ist der Anspruch einer grundständigen Analyse von Teilhabe- und Exklusionsprozessen in Bildungsinstitutionen und die Identifizierung damit einhergehender notwendiger Transformationsprozesse in den unterschiedlichen pädagogischen Handlungsfeldern verbunden. Im Kontext dieser Prozesse scheint der Personenkreis der Menschen mit schwerer und mehrfacher Behinderung aktuell wenig wahrgenommen zu werden. Der vorliegende Herausgeberband möchte dieses Desiderat in den Fokus nehmen und Möglichkeiten einer nicht ausgrenzenden Pädagogik im Theorie und Praxis thematisieren. Dazu werden sowohl auf disziplinärer wie auch auf professionell-praktischer Ebene tragfähige Legitimationsfiguren und praktischen Konzepte identifiziert, um die umfassende Teilhabe von Kindern, Jugendlichen und Erwachsenen mit schwerer und mehrfacher Behinderung am allgemeinen Bildungssystem zu sichern und der Gefahr eines erneuten Ausschlusses zu begegnen.           </marc:subfield>
   </marc:datafield>
   <marc:datafield ind1=" " ind2=" " tag="020">
      <marc:subfield code="a">9783898966139</marc:subfield>
      <marc:subfield code="9">9783898966139</marc:subfield>
   </marc:datafield>
   <marc:datafield ind1=" " ind2=" " tag="041">
      <marc:subfield code="a">ger</marc:subfield>
   </marc:datafield>
   <marc:datafield ind1=" " ind2=" " tag="500">
      <marc:subfield code="a">Literaturverz. S. 287 - 289</marc:subfield>
   </marc:datafield>
   <marc:datafield ind1=" " ind2=" " tag="300">
      <marc:subfield code="b">Illustrationen, Diagramme</marc:subfield>
   </marc:datafield>
   <marc:datafield ind1="0" ind2=" " tag="490">
      <marc:subfield code="v">Band 2</marc:subfield>
   </marc:datafield>
   <marc:datafield ind1="1" ind2=" " tag="521">
      <marc:subfield code="a">16</marc:subfield>
   </marc:datafield>
   <marc:datafield ind1=" " ind2=" " tag="300">
      <marc:subfield code="a">292 Seiten</marc:subfield>
   </marc:datafield>
</marc:record>
